000 01022nam0a22002531 4500
001 rc\1093267
005 20250612170243.0
035 _a(NLR Aleph) 008741004
090 _a9531821
_c9531821
100 _a20041126d1983 |||y0rusy50 ca
101 0 _arus
102 _aRU
105 _ay |||||||||
200 1 _aПрименение эвикрола для запечатывания фиссур моляров в целях профилактики кариеса зубов
_eМетод. рекомендации
_fМ-во здравоохранения РСФСР
_g[Сост. д. м. н., проф. М.И. Грошиков, врач О.П. Дашкова]
210 _aМ.
_cБ. и.
_d1983
215 _a10 с.
_d21
702 1 _aГрошиков
_bМ.И.
_gМихаил Иосифович
_4220
712 0 1 _aРСФСР
_bМ-во здравоохранения
801 0 _aRU
_bNLR
_gpsbo
801 1 _aRU
_bELAR
_2rusmarc
801 2 _aRU
_bNLR
_c20050411
_2rusmarc
852 _aNLR
_j84-6/1749
942 _cBOOK
980 _aNB